LIBRARY & INFORMATION CENTRE, KCAET, TAVANUR

ONLINE PUBLIC ACCESS CATALOGUE (OPAC)

Advanced educational psychology / (Record no. 7927)

MARC details
000 -LEADER
fixed length control field 00396cam a2200157ua 4500
003 - CONTROL NUMBER IDENTIFIER
control field OSt
008 - FIXED-LENGTH DATA ELEMENTS--GENERAL INFORMATION
fixed length control field 240203b |||||||| |||| 00| 0 eng d
041 ## - LANGUAGE CODE
Language code of text/sound track or separate title eng
082 ## - DEWEY DECIMAL CLASSIFICATION NUMBER
Classification number 370.15
Item number SHA/AD
100 ## - MAIN ENTRY--AUTHOR NAME
Personal name Uday, Shanker .
245 ## - TITLE STATEMENT
Title Advanced educational psychology /
260 ## - PUBLICATION, DISTRIBUTION, ETC. (IMPRINT)
Place of publication New Delhi :
Name of publisher Oxonian Press Pvt Ltd ,
Year of publication 1984.
300 ## - PHYSICAL DESCRIPTION
Number of Pages 608 ; .
500 ## - GENERAL NOTE
General note **Reference
942 ## - ADDED ENTRY ELEMENTS (KOHA)
Koha item type Books
Holdings
Withdrawn status Lost status Damaged status Home library Current library Shelving location Date acquired Full call number Accession Number Koha item type
      KAUAET KAUAET General Stacks 28/03/1987 370.15 SHA/AD 16316 Books
free website counter